000 00332nam a22001217a 4500
999 _c8543
_d8543
008 200317b ||||| |||| 00| 0 eng d
100 _aMitra, Barun K.
245 _aPersonality Development and Soft Skills
250 _a6th
_b2019
260 _aNew Delhi
_bOxford University Press
650 _aCommunication Skills
942 _2ddc
_cBK